000 00387nam a2200145Ia 4500
008 151213s9999 xx 000 0 und d
100 _aMohammad Ayub Khan
245 _aFriends Not Masters
_cMohammad Ayub Khan
260 _aLahore
_bOxford University Press
_c1967
300 _a6540 p.
650 _aAutobiography
650 _aReference
700 _aMohammad Ayub Khan
999 _c3622
_d3622